| 000 | 01411nam a22002897a 4500 | ||
|---|---|---|---|
| 003 | DO-SdBNP | ||
| 005 | 20230327142202.0 | ||
| 007 | ta | ||
| 008 | 220201b2021 |a||e |||| 001 0 spa d | ||
| 020 | _a9789945099478 | ||
| 040 |
_aDO-SdBNP _bspa _cBNPHU |
||
| 082 | 4 |
_a334 _bR173n _222 |
|
| 100 | 1 |
_aRamírez Cruz, Claudio E. _d1978 - _981070 |
|
| 245 | 1 | 0 |
_aNacimiento y evolución del cooperativismo universal : _bhistoria e ideología del cooperativismo _cClaudio E. Ramírez Cruz |
| 260 |
_aSanto Domingo : _bCooperativa de Ahorros y Crédito "El Progreso" INC. _bCooperativa de Ahorro, Crédito y Servicios Múltiples Manoguayabo, INC., _c2021. |
||
| 300 |
_a533 p. : _bil. ; _c21 cm |
||
| 500 | _aIncluye datos biográficos del autor en la contracubierta del libro. | ||
| 504 | _aBibliografía : p. 533. | ||
| 505 |
_aCapítulo I. _tPropulsores del cooperativismo y su nacimiento -- |
||
| 505 |
_aCapítulo II. _tAmérica del Norte -- _tAmérica del Sur -- _tCentro América -- _tEuropa -- _tÁsia -- _tÁfrica -- _tEl Caribe |
||
| 505 |
_aCapítulo III. _tLiderazgo cooperativo dominicano y su incidencia a nivel internacional |
||
| 505 |
_aCapítulo IV. _tHimno del cooperativismo dominicano -- _tHimno del cooperativismo mundial _tBibliografía -- |
||
| 590 | _aInventariado, 2022 / SA | ||
| 650 | 4 |
_99309 _aCooperativismo |
|
| 910 | _aSaquino/Validado. Control de calidad MFF | ||
| 942 |
_2ddc _cLBS1 |
||
| 999 |
_c51283 _d51283 |
||